El narcotráfico en América Latina (Registro nro. 184572)

Detalles MARC
000 -ENCABEZADO
Número de control [NR] 00848cam a2200229Li 4500
005 - FECHA Y HORA DE LA ÚLTIMA TRANSACCIÓN
control field 20140903175026.0
008 - DE LONGITUD FIJA DE DATOS DE ELEMENTOS - INFORMACIÓN GENERAL
Elementos de longitud fija [NR] 070301s2004 mx frn 001 0 spa d
020 ## - NUMERO INTERNACIONAL NORMALIZADO PARA LIBROS [R]
Número Internacional Normalizado del libro [NR] 9789682325588
040 ## - FUENTE DE CATALOGACION [NR]
Agencia de catalogación original [NR] Co-BoUCM
Idioma de catalogación [NR] spa
Quien Cataloga
Quien Clasifica
041 0# - CODIGO DE IDIOMA [R]
Código de idioma para texto/pista de sonido o título separado [R] Español
100 1# - ASIENTO PRINCIPAL--NOMBRE PERSONAL [NR]
Nombre personal [NR] Santana Hernández, Adalberto
ID Autoridad 56899
245 13 - MENCION DE TITULO [NR]
Título [NR] El narcotráfico en América Latina
Mención de responsabilidad, etc. [NR] por Adalberto Santana
260 ## - PUBLICACION, DISTRIBUCION, ETC. (PIE DE IMPRENTA) [R]
Lugar de publicación, distribución, etc. [R] México D.F. (México)
Nombre del editor, distribuidor, etc. [R] Siglo XXI
Fecha de publicación, distribución, etc. [R] 2004
Fecha de fabricación [R] 2012
300 ## - DESCRIPCION FISICA [R]
Extensión [R] 269 páginas
490 0# - MENCION DE SERIE [R]
Mención de serie [R] Sociología y política
504 ## - NOTA DE BIBLIOGRAFIA, ETC. [R]
Nota de bibliografía, etc. [NR] Incluye referencias bibliográficas
650 #7 - ASIENTO SECUNDARIO DE MATERIA - TERMINO TEMATICO [R]
Término temático o nombre geográfico como elemento de entrada [NR] Control de drogas y narcóticos
Subdivisión general [R] Politica gubernamental
Subdivisión geográfica [R] América Latina
9 (RLIN) 43494
650 #7 - ASIENTO SECUNDARIO DE MATERIA - TERMINO TEMATICO [R]
Término temático o nombre geográfico como elemento de entrada [NR] Narcotráfico
Subdivisión geográfica [R] América Latina
9 (RLIN) 20085
690 ## - ASUNTO AGREGADO LOCAL DE ENTRADA - TÉRMINO TEMÁTICO (OCLC, RLIN)
9 (RLIN) 42900
Acceso temático local Problemas sociales
942 ## - ELEMENTOS DE ENTRADA AGREGADOS (KOHA)
Tema principal Ciencia política
Tipo de ítem principal el descrito en 300a Libro
Edición 1
Parte restante de la signatura top. S232
Sistema de clasificación DEWEY
Clasificación 363.45
Existencias
Fecha de último préstamo Total préstamos Total Renewals Signatura topográfica Código de barras Última vez visto Ejemplar Costo de reposición Price effective from Tipo de ítem Perdido Sistema de clasificación Dañado No prestable Tipo de ítem específico Suprimido Ubicación habitual Ubicación actual Localización Fecha de creación Proveedor Forma de adquisición Costo
06/10/2017 10 8 363.45 S232 100140418 09/12/2025 Ej.1 50300.00 23/01/2014 Libro   DEWEY     Libro   Claustro Claustro 2do piso 23/01/2014 15 Compra 50300.00